[Event "Madrid San Viator op-B 31st"]
[Site "Madrid"]
[Date "2019.11.17"]
[Round "9"]
[White "Mantecon Soto, Fernando"]
[Black "Bergas Moreno, Francisco J"]
[Result "1-0"]
[WhiteElo "1330"]
[BlackElo "1325"]
[PlyCount "101"]
[EventDate "2019.09.08"]
[EventType "swiss"]
[EventRounds "9"]
[EventCountry "ESP"]
[SourceTitle "EXT 2022"]
[Source "ChessBase"]
[SourceDate "2021.10.06"]
[SourceVersion "1"]
[SourceVersionDate "2021.10.06"]
[SourceQuality "1"]

1. d4 Nf6 2. Nc3 d6 3. e4 e6 4. Bg5 Be7 5. e5 Nfd7 6. Bxe7 Qxe7 7. Nb5 Na6 8. Qg4 0-0 9. exd6 cxd6 10. 0-0-0 d5 11. a3 Nf6 12. Qf4 Ne4 13. Bd3 Qg5 14. Qxg5 Nxg5 15. f3 h6 16. h4 Nh7 17. Nh3 Bd7 18. Nd6 Rab8 19. g4 Nf6 20. g5 Ne8 21. Nxe8 Rfxe8 22. gxh6 gxh6 23. Nf4 Kf8 24. Nh5 Ke7 25. Rdg1 Rg8 26. Bh7 Rxg1+ 27. Rxg1 Nc7 28. Rg7 Rf8 29. Nf4 Kd6 30. Bd3 Ne8 31. Rh7 f6 32. Rxh6 e5 33. dxe5+ Kc5 34. b4+ Kd4 35. e6 Ba4 36. e7 Rg8 37. Ng6 Nd6 38. Rh8 Rg7 39. Rd8 Nf7 40. e8Q Bxe8 41. Rxe8 Kc3 42. Rc8+ Kd4 43. Rc7 Ke3 44. f4 d4 45. Rxb7 Kf2 46. Rxa7 Rg8 47. Rxf7 Ra8 48. Kb2 Ke3 49. h5 Rc8 50. h6 Kd2 51. h7 1-0

[Event "Madrid San Viator op-B 31st"]
[Site "Madrid"]
[Date "2019.10.06"]
[Round "4"]
[White "Mora Gonzalez Rojas, Francisco"]
[Black "Bergas Moreno, Francisco J"]
[Result "0-1"]
[WhiteElo "1244"]
[BlackElo "1325"]
[PlyCount "146"]
[EventDate "2019.09.08"]
[EventType "swiss"]
[EventRounds "9"]
[EventCountry "ESP"]
[SourceTitle "EXT 2022"]
[Source "ChessBase"]
[SourceDate "2021.10.06"]
[SourceVersion "1"]
[SourceVersionDate "2021.10.06"]
[SourceQuality "1"]

1. d4 Nf6 2. d5 d6 3. Nc3 Bf5 4. Bf4 Nbd7 5. Nf3 Nc5 6. e3 a6 7. Bc4 h6 8. 0-0 b5 9. Be2 Qc8 10. Nd4 Bd7 11. Bf3 b4 12. Nce2 Nce4 13. c4 c5 14. Nc2 a5 15. Ng3 Nxg3 16. Bxg3 Bg4 17. Bxg4 Qxg4 18. Qxg4 Nxg4 19. e4 Nf6 20. e5 Ne4 21. exd6 Nxd6 22. Bxd6 exd6 23. Rfe1+ Kd7 24. Re4 Be7 25. Rae1 Bf6 26. b3 Rae8 27. Rxe8 Rxe8 28. Rxe8 Kxe8 29. f4 g6 30. g4 Kd7 31. Kf2 Bg7 32. Ke3 f5 33. h3 Bf6 34. Kf3 Ke7 35. gxf5 Kf7 36. fxg6+ Kxg6 37. Kg4 h5+ 38. Kf3 Kf5 39. Ne3+ Kg6 40. Kg3 Be7 41. h4 Bf6 42. f5+ Kf7 43. Ng2 Be5+ 44. Kf3 Kf6 45. Ke4 Bg3 46. Nf4 Bxh4 47. Nxh5+ Kf7 48. Kf4 Bd8 49. f6 Bxf6 50. Nxf6 Kxf6 51. Ke4 Kg5 52. Ke3 Kf5 53. Kd3 Kf4 54. Kc2 Ke3 55. Kb2 Kd3 56. a3 Kd2 57. axb4 axb4 58. Ka1 Kc2 59. Ka2 Kc3 60. Kb1 Kxb3 61. Kc1 Kxc4 62. Kb2 Kxd5 63. Kb3 Kd4 64. Kb2 Kc4 65. Kc2 d5 66. Kc1 Kc3 67. Kb1 d4 68. Kc1 d3 69. Kd1 b3 70. Kc1 b2+ 71. Kb1 d2 72. Ka2 d1Q 73. Ka3 Qa1# 0-1

[Event "Alcorcon Spring op-B 1st"]
[Site "Alcorcon"]
[Date "2019.04.28"]
[Round "5"]
[White "Mateos Cordero, Francisco"]
[Black "Bergas Moreno, Francisco J"]
[Result "1-0"]
[WhiteElo "1601"]
[BlackElo "1406"]
[PlyCount "67"]
[EventDate "2019.03.24"]
[EventType "swiss"]
[EventRounds "9"]
[EventCountry "ESP"]
[SourceTitle "EXT 2020"]
[Source "ChessBase"]
[SourceDate "2019.10.17"]
[SourceVersion "1"]
[SourceVersionDate "2019.10.17"]
[SourceQuality "1"]

1. d4 d5 2. c4 e5 3. dxe5 d4 4. h3 c5 5. Nf3 Nc6 6. e3 h6 7. exd4 cxd4 8. a3 Bf5 9. Bd3 Be6 10. 0-0 Nge7 11. b4 Nf5 12. Bxf5 Bxf5 13. b5 Na5 14. Nxd4 Bg6 15. e6 Bc5 16. exf7+ Bxf7 17. Re1+ Kf8 18. Be3 Qb6 19. Nc3 Rd8 20. Ne6+ Kg8 21. Qxd8+ Kh7 22. Qxb6 Bxb6 23. Bxb6 axb6 24. c5 bxc5 25. Rad1 Bxe6 26. Rxe6 c4 27. Rd7 Rg8 28. Ne4 Kh8 29. Ree7 c3 30. Nxc3 Kh7 31. Ne4 Kg6 32. g4 Nc4 33. a4 b6 34. Re6+ 1-0

[Event "Alcorcon Spring op-B 1st"]
[Site "Alcorcon"]
[Date "2019.03.31"]
[Round "2"]
[White "Bergas Moreno, Francisco J"]
[Black "Arce Escobedo, Julio"]
[Result "0-1"]
[WhiteElo "1406"]
[BlackElo "1634"]
[PlyCount "68"]
[EventDate "2019.03.24"]
[EventType "swiss"]
[EventRounds "9"]
[EventCountry "ESP"]
[SourceTitle "EXT 2020"]
[Source "ChessBase"]
[SourceDate "2019.10.17"]
[SourceVersion "1"]
[SourceVersionDate "2019.10.17"]
[SourceQuality "1"]

1. c4 Nf6 2. Nc3 e6 3. g3 d5 4. cxd5 exd5 5. d4 b6 6. Bg2 Bb7 7. Nf3 Be7 8. 0-0 0-0 9. Re1 Nbd7 10. a3 c5 11. e3 Ne4 12. Nd2 Nxc3 13. bxc3 Nf6 14. Bb2 c4 15. Qc2 b5 16. e4 dxe4 17. Nxe4 Nxe4 18. Bxe4 Bxe4 19. Rxe4 g6 20. Rae1 Bf6 21. Bc1 Qd7 22. Qd1 Rfe8 23. Qf3 Bg7 24. Rxe8+ Rxe8 25. Re4 Bf8 26. h4 h5 27. Rxe8 Qxe8 28. Qd1 Bd6 29. Qd2 Qe7 30. Qd1 Bxa3 31. Bg5 Qd7 32. Qd2 Bf8 33. d5 a5 34. Bf6 b4 0-1

[Event "Madrid San Viator op-B 30th"]
[Site "Madrid"]
[Date "2018.06.03"]
[Round "8"]
[White "Moreno Payo, Jesus"]
[Black "Bergas Moreno, Francisco J"]
[Result "1-0"]
[WhiteElo "1146"]
[BlackElo "1626"]
[PlyCount "109"]
[EventDate "2018.04.08"]
[EventType "swiss"]
[EventRounds "9"]
[EventCountry "ESP"]
[SourceTitle "EXT 2019"]
[Source "ChessBase"]
[SourceDate "2018.10.10"]
[SourceVersion "1"]
[SourceVersionDate "2018.10.10"]
[SourceQuality "1"]

1. e4 e5 2. Nf3 Nc6 3. Bc4 h6 4. c3 d6 5. h3 Nf6 6. d4 exd4 7. cxd4 Nxe4 8. 0-0 Be7 9. Nc3 Bf5 10. Nxe4 Bxe4 11. Re1 Bg6 12. b3 0-0 13. Bb2 Bf6 14. Qd2 Ne7 15. Re2 Qd7 16. Qf4 Qf5 17. Qxf5 Nxf5 18. g4 Nh4 19. Nxh4 Bxh4 20. Rae1 Kh8 21. Bd5 c6 22. Be4 d5 23. Bxg6 fxg6 24. Ba3 Rf7 25. Be7 Bf6 26. Bxf6 gxf6 27. Re7 Raf8 28. Rxf7 Rxf7 29. Re8+ Kg7 30. Kg2 Rc7 31. Rd8 Re7 32. Kg3 g5 33. f4 Re3+ 34. Kf2 gxf4 35. h4 Re7 36. Kf3 Kg6 37. h5+ Kg7 38. Kxf4 b6 39. Kf5 Kf7 40. Rd6 Re4 41. Rxf6+ Ke7 42. Rxh6 Rxd4 43. g5 Rd2 44. Rh7+ Kd6 45. g6 Rf2+ 46. Kg5 d4 47. g7 Rg2+ 48. Kh6 d3 49. Rh8 d2 50. Rd8+ Ke7 51. Rxd2 Rxd2 52. g8Q Rd7 53. Qg7+ Ke8 54. Qxd7+ Kxd7 55. Kg7 1-0

[Event "Madrid San Viator op-B 30th"]
[Site "Madrid"]
[Date "2018.05.27"]
[Round "7"]
[White "Bergas Moreno, Francisco J"]
[Black "Alvarez Garcia, Jose Javier"]
[Result "1/2-1/2"]
[WhiteElo "1626"]
[BlackElo "1190"]
[PlyCount "106"]
[EventDate "2018.04.08"]
[EventType "swiss"]
[EventRounds "9"]
[EventCountry "ESP"]
[SourceTitle "EXT 2019"]
[Source "ChessBase"]
[SourceDate "2018.10.10"]
[SourceVersion "1"]
[SourceVersionDate "2018.10.10"]
[SourceQuality "1"]

1. e4 e5 2. f4 d6 3. Nf3 Nc6 4. c3 Nf6 5. d3 Be7 6. Be3 Bg4 7. Be2 0-0 8. 0-0 h6 9. f5 d5 10. Nbd2 d4 11. Bf2 Bc5 12. h3 Bxf3 13. Nxf3 Nd7 14. Kh1 a6 15. Bh4 f6 16. Nh2 Qe7 17. Bh5 a5 18. Qe1 b5 19. Bg6 b4 20. c4 Bb6 21. Qe2 a4 22. Rf3 Nc5 23. Be1 b3 24. a3 Kh8 25. Ng4 Qd7 26. Bd2 Ne7 27. Bh5 Ng8 28. Bg6 Na6 29. Qe1 Nb8 30. Qh4 c5 31. Nxh6 gxh6 32. Bxh6 Nxh6 33. Qxh6+ Kg8 34. Rg3 Ra7 35. Bf7+ Kxf7 36. Rg7+ Ke8 37. Rxd7 Rxd7 38. g4 Ba5 39. Rg1 Bd2 40. Qxd2 Nc6 41. g5 Rg7 42. g6 Rfg8 43. Qf2 Kf8 44. Rg2 Rh8 45. Rh2 Rgg8 46. h4 Kg7 47. h5 Rh6 48. Qg3 Rgh8 49. Qg4 Na5 50. Kg2 Nc6 51. Kg3 Na5 52. Qd1 Nc6 53. Kg4 Ra8 1/2-1/2